Membina keunggulan tradisi sastera
| Main Author: | |
|---|---|
| Format: | Book |
| Published: |
Singapura :
Pustaka Nasional Pte.Ltd
|
| Subjects: |
MARC
| LEADER | 00000cam a2200000 7i4500 | ||
|---|---|---|---|
| 001 | 0000015420 | ||
| 005 | 20080402.0 | ||
| 008 | 260308 | ||
| 020 | |a 9971774984 | ||
| 090 | 0 | 0 | |a 899.23 |b ABD |
| 100 | 1 | |a Dr.Abdul Rahman Napiah, Dr. | |
| 245 | 0 | 0 | |a Membina keunggulan tradisi sastera |c Dr.Abdul Rahman Napiah |
| 260 | |a Singapura : |b Pustaka Nasional Pte.Ltd | ||
| 650 | 0 | |a literature |x Criticism | |
| 650 | 0 | |a Malay literature | |
| 999 | |a 0001016320 |b Book |c Adult Collection |e Perbadanan Perpustakaan Awam Johor | ||
| 999 | |a 0001016321 |b Book |c Adult Collection |e Perbadanan Perpustakaan Awam Johor | ||